000 00500nam a2200169Ia 4500
003 LK-CoDNM
008 010623t1916 xxu||||| |||| 00| 1 sin d
040 _aLK-CoDNM
_dLK-CoDNM
_eLK-CoDNM
041 _asin
080 _a104 B 5
100 _aMahanama,Kumaravati Veeraman
_eed.
245 _aවර්ණනා සහිත උපදෙස් හෙම්දපණ
246 _aUpades Hemdapana with Commentary
260 _bVidya Sagara
_aColombo
_c1916
300 _bxvi,56p, 21 cm
942 _cBK
999 _c88966
_d88966